LEADER 01321cam0 22003011 450 001 SOBE00015208 005 20180717125335.0 010 $a8837216815 100 $a20110615d1998 |||||ita|0103 ba 101 $aita 102 $aIT 200 1 $aConsigli per un Vescovo$eesortazione del cardinale Bellarmino al vescovo di Teano, suo nipote: che cosa è effettivamente indispensabile ad un Vescovo il quale intenda davvero mettere al sicuro la propria salvezza eterna$fRoberto Bellarmino $gintroduzione, traduzione e note di Pasquale Giustiniani e Luigi Longobardo 210 $aBrescia$cMorcelliana$d1998 215 $a108 p.$d23 cm 700 1$aBellarmino$b, Roberto$3SOBA00000059$4070$0483296 702 1$aGiustiniani, Pasquale$3AF00005124$4070 702 1$aLongobardo, Luigi$3SOBA00000060$4070 801 0$aIT$bUNISOB$c20180717$gRICA 850 $aUNISOB 852 $aUNISOB$j200$m153923 852 $aUNISOB$j200$m96205 912 $aSOBE00015208 940 $aM 102 Monografia moderna SBN 941 $aM 957 $a200$b002610$gSI$d153923$rdono$tN$1catenacci$2UNISOB$3UNISOB$420110615074919.0$520110615075234.0$6catenacci 957 $a200$b002136$gSI$d96205$racquisto$tN$1menle$2UNISOB$3UNISOB$420180717125241.0$520180717125335.0$6menle 996 $aConsigli per un vescovo$91524545 997 $aUNISOB LEADER 01262nam2 22003011i 450 001 UON00520060 005 20231205105540.576 100 $a20231115d2007 |0itac50 ba 101 $aita 102 $aIT 105 $a|||| ||||| 200 1 $aˆLa ‰Passione in Canavese$fCostantino Nigra, Delfino Orsi$ga cura di Antonino Buttitta 210 $aTorino$cOmega$d2007 215 $aXXI, 188 p.$d21 cm 316 $aDonazione prof.ssa Amalia Signorelli$5IT-UONSI F. Signorelli2 C623 461 1$1001UON00520028$12001 $aDocumenti e ricerche di etnologia europea 606 $aETNOLOGIA$xEuropa$3UONC019054$2FI 676 $a305.8$cGruppi razziali, etnici, nazionali$v21 700 1$aNigra$bCostantino$f1828-1907$3UONV293419$0191777 701 1$aOrsi$bDelfino$3UONV293420$0219191 702 1$aButtitta$bAntonino$3UONV056888 712 $aOmega$3UONV260155$4650 801 $aIT$bSOL$c20241220$gRICA 899 $aSIBA - SISTEMA BIBLIOTECARIO DI ATENEO$2UONSI 912 $aUON00520060 950 $aSIBA - SISTEMA BIBLIOTECARIO DI ATENEO$dSI F. Signore2 C 623 $eSI 47470 5 Donazione prof.ssa Amalia Signorelli 996 $aPassione in Canavese$93894800 997 $aUNIOR